Analytical and Numerical Methods for Volterra Equations (Record no. 30402)
[ view plain ]
| 000 -LEADER | |
|---|---|
| fixed length control field | 00480 a2200145 4500 |
| 020 ## - INTERNATIONAL STANDARD BOOK NUMBER | |
| International Standard Book Number | 0-89-871-198-3 |
| 082 ## - DEWEY DECIMAL CLASSIFICATION NUMBER | |
| Classification number | 515.7 |
| 090 ## - LOCALLY ASSIGNED LC-TYPE CALL NUMBER (OCLC); LOCAL CALL NUMBER (RLIN) | |
| -- | 1796 |
| -- | 1796 |
| 100 ## - MAIN ENTRY--PERSONAL NAME | |
| Personal name | Linz, Peter |
| 245 ## - TITLE STATEMENT | |
| Title | Analytical and Numerical Methods for Volterra Equations |
| Statement of responsibility, etc. | Peter Linz |
| 260 ## - PUBLICATION, DISTRIBUTION, ETC. | |
| Name of publisher, distributor, etc. | SIAM Philadelphia |
| Date of publication, distribution, etc. | 1985 |
| 300 ## - PHYSICAL DESCRIPTION | |
| Extent | xiii, 227 |
| 942 ## - ADDED ENTRY ELEMENTS (KOHA) | |
| Institution code [OBSOLETE] | SNS |
| Koha item type | Book |
| Call number prefix | 515.7 LIN |
| Withdrawn status | Lost status | Source of classification or shelving scheme | Damaged status | Not for loan | Permanent Location | Current Location | Shelving location | Date acquired | Full call number | Barcode | Date last seen | Price effective from | Koha item type |
|---|---|---|---|---|---|---|---|---|---|---|---|---|---|
| Not For Loan | School of Natural Sciences (SNS) | School of Natural Sciences (SNS) | Reference | 05/26/2016 | 515.7 LIN | SNS0002227 | 11/05/2018 | 05/26/2016 | Book |
